[Event "KAZ-ch (Women)"]
[Site "Astana"]
[Date "2023.12.23"]
[Round "9"]
[White "Kairbekova, Amina"]
[Black "Davletbayeva, Madina"]
[Result "1-0"]
[WhiteElo "2235"]
[BlackElo "2216"]
[PlyCount "111"]
[EventDate "2023.12.13"]
[EventType "tourn"]
[EventRounds "9"]
[EventCountry "KAZ"]
[SourceTitle "CB52_2023"]
[SourceDate "2023.12.27"]
[SourceVersion "1"]
[SourceVersionDate "2023.12.27"]
[SourceQuality "1"]

1. e4 e5 2. Nf3 Nc6 3. Bc4 Bc5 4. c3 Nf6 5. d4 exd4 6. b4 Be7 7. e5 Ne4 8. b5 Na5 9. Bd3 Nc5 10. cxd4 Nxd3+ 11. Qxd3 d5 12. 0-0 0-0 13. Nc3 c6 14. Nd2 f6 15. f4 fxe5 16. fxe5 Be6 17. Ne2 Qd7 18. Nf4 Bg5 19. bxc6 bxc6 20. Nxe6 Qxe6 21. Ba3 Rxf1+ 22. Rxf1 h6 23. Nf3 Be7 24. Bxe7 Qxe7 25. Qa6 Qb4 26. Qd3 Rf8 27. Qg6 Nc4 28. h4 Qa3 29. Rb1 Qe3+ 30. Kh1 Qe4 31. h5 Nb6 32. Re1 Qxg6 33. hxg6 Rf4 34. Rc1 Nc4 35. Rb1 Nb6 36. a4 Nxa4 37. Ra1 Nb6 38. Rxa7 Kf8 39. Ra6 Nc4 40. Rxc6 Rg4 41. Kg1 Ne3 42. Kf2 Nxg2 43. Rc8+ Ke7 44. Rc7+ Ke6 45. Rxg7 Nf4 46. Rh7 Nxg6 47. Rxh6 Kf5 48. Rh1 Nf4 49. Nh4+ Ke4 50. Re1+ Kxd4 51. Nf5+ Kc5 52. Rc1+ Kb4 53. Kf3 Rg2 54. Kxf4 Re2 55. Ne3 d4 56. Rc4+ 1-0

[Event "KAZ-ch (Women)"]
[Site "Astana"]
[Date "2023.12.15"]
[Round "3"]
[White "Kurmangaliyeva, Liya"]
[Black "Kairbekova, Amina"]
[Result "0-1"]
[WhiteElo "2261"]
[BlackElo "2235"]
[PlyCount "98"]
[EventDate "2023.12.13"]
[EventType "tourn"]
[EventRounds "9"]
[EventCountry "KAZ"]
[SourceTitle "CB52_2023"]
[SourceDate "2023.12.27"]
[SourceVersion "1"]
[SourceVersionDate "2023.12.27"]
[SourceQuality "1"]

1. e4 e5 2. Nf3 Nc6 3. Bb5 a6 4. Ba4 d6 5. 0-0 Bd7 6. c4 Bg4 7. h3 Bxf3 8. Qxf3 Nf6 9. Nc3 Nd7 10. Ne2 g6 11. d4 Bg7 12. dxe5 Ncxe5 13. Qc3 0-0 14. f4 Nc6 15. Qf3 Qe7 16. Be3 Rae8 17. Ng3 h5 18. e5 h4 19. Ne4 Ndxe5 20. fxe5 Qxe5 21. Bc2 f5 22. Qf2 fxe4 23. Qxh4 Nd4 24. Bxd4 Qxd4+ 25. Kh1 e3 26. Qxd4 Bxd4 27. Bxg6 Re7 28. Bd3 Rxf1+ 29. Rxf1 Bxb2 30. Be2 c6 31. Rd1 Ba3 32. g4 b5 33. Kg2 Bc5 34. Rc1 Kg7 35. Kg3 Rb7 36. cxb5 axb5 37. Bf3 Re7 38. Rc2 Bd4 39. Be2 Rf7 40. Bd3 b4 41. Bf5 c5 42. h4 Re7 43. Kf3 c4 44. Rc1 Bc3 45. Ke2 d5 46. h5 d4 47. Rd1 Bd2 48. h6+ Kxh6 49. Rh1+ Kg5 0-1

[Event "Sant Boi de Llobregat op 4th"]
[Site "Sant Boi de Llobregat"]
[Date "2023.12.02"]
[Round "3"]
[White "Kairbekova, Amina"]
[Black "Zwirs, Nico"]
[Result "0-1"]
[WhiteElo "2228"]
[BlackElo "2468"]
[PlyCount "122"]
[EventDate "2023.11.30"]
[EventType "swiss"]
[EventRounds "9"]
[EventCountry "ESP"]
[SourceTitle "CB50_2023"]
[SourceDate "2023.12.13"]
[SourceVersion "1"]
[SourceVersionDate "2023.12.13"]
[SourceQuality "1"]

1. e4 c5 2. Nf3 d6 3. d4 cxd4 4. Nxd4 Nf6 5. Nc3 a6 6. Be2 e5 7. Nb3 Be7 8. Be3 Be6 9. Nd5 Nbd7 10. Qd3 Bxd5 11. exd5 Rc8 12. 0-0-0 Nb6 13. Kb1 0-0 14. Bf3 Nc4 15. Bc1 h6 16. g4 Re8 17. Be4 Nxe4 18. Qxe4 Bh4 19. Nd2 Nxd2+ 20. Bxd2 b5 21. Qf3 e4 22. Qe2 Qf6 23. Be3 Rc4 24. c3 Rec8 25. Rd4 Rxd4 26. Bxd4 Qg6 27. Ka1 Re8 28. Qd1 Qg5 29. Be3 Qe5 30. Qd4 Bg5 31. Qxe5 Rxe5 32. Bd4 Rxd5 33. Re1 Bh4 34. a4 f5 35. a5 b4 36. gxf5 Rxa5+ 37. Kb1 bxc3 38. Rxe4 Bf6 39. Bxf6 gxf6 40. bxc3 Rxf5 41. f4 Kf7 42. Kc2 Rh5 43. Re2 Kg6 44. Rd2 d5 45. Kb3 Rf5 46. Rd4 Kf7 47. Kb4 Ke6 48. Kc5 Rh5 49. h4 Rf5 50. Kc6 Rh5 51. Kc5 a5 52. Kc6 Ke7 53. Kc7 Rxh4 54. Rxd5 Rxf4 55. Rd7+ Ke6 56. Rd6+ Ke5 57. Rc6 a4 58. Kd7 Rf3 59. Rc5+ Ke4 60. Ke6 Kd3 61. Ra5 Rf4 0-1

[Event "Almaty Academy IM 6th"]
[Site "Almaty"]
[Date "2023.11.22"]
[Round "5"]
[White "Hayrapetyan, Arman"]
[Black "Kairbekova, Amina"]
[Result "1-0"]
[WhiteElo "2383"]
[BlackElo "2228"]
[PlyCount "119"]
[EventDate "2023.11.19"]
[EventType "tourn"]
[EventRounds "9"]
[EventCountry "KAZ"]
[EventCategory "4"]
[SourceTitle "CB48_2023"]
[SourceDate "2023.11.29"]
[SourceVersion "1"]
[SourceVersionDate "2023.11.29"]
[SourceQuality "1"]

1. d4 Nf6 2. Nf3 g6 3. Bf4 Bg7 4. e3 d6 5. h3 0-0 6. Be2 c5 7. Nbd2 Nc6 8. c3 cxd4 9. exd4 e5 10. dxe5 dxe5 11. Nxe5 Nd5 12. Nxc6 bxc6 13. Bg3 Re8 14. 0-0 Bxc3 15. Nc4 Bxb2 16. Nxb2 Nc3 17. Qxd8 Nxe2+ 18. Kh2 Rxd8 19. Be5 Rd5 20. f4 Be6 21. Rf2 Nd4 22. Rc1 Rad8 23. Na4 f6 24. Bxf6 Rf8 25. Be7 Rf7 26. Bc5 g5 27. Re1 Bd7 28. Bxa7 Ra5 29. Bxd4 Rxa4 30. Bc5 gxf4 31. a3 Rf5 32. Bd6 Rd4 33. Be5 Ra4 34. Rd2 Rf7 35. Rb1 Ra7 36. Rb8+ Rf8 37. Bxf4 Rxb8 38. Bxb8 Ra8 39. Bd6 Be6 40. Bb4 Bd5 41. Kg3 Kf7 42. Kh4 Re8 43. Rf2+ Kg6 44. g4 Re3 45. Bc5 Rf3 46. Re2 Rc3 47. Bb4 Rc4 48. Re5 Rf4 49. Rg5+ Kf6 50. Rh5 Kg6 51. Rg5+ Kf6 52. Bc5 Rf3 53. Rh5 Kg6 54. Bd6 Bc4 55. a4 Bf1 56. Bg3 Ra3 57. Rg5+ Kh6 58. a5 Bg2 59. Rg8 Ra4 60. Bd6 1-0